[Event "175th open MGU"]
[Site "Sofia"]
[Date "2016.11.20"]
[Round "5.1"]
[White "Mihalev, Daniil"]
[Black "Stoyanov, Stoyan Orl"]
[Result "0-1"]
[WhiteElo "1748"]
[BlackElo "1852"]
[PlyCount "82"]
[EventDate "2016.11.19"]
[EventType "swiss"]
[EventRounds "6"]
[EventCountry "BUL"]

1. Nf3 c5 2. g3 Nc6 3. Bg2 g6 4. O-O Bg7 5. e4 e5 6. d3 Nge7 7. c4 O-O 8. Nc3
h6 9. Be3 d6 10. Qd2 Kh7 11. Ne1 f5 12. f4 Nd4 13. Nc2 a6 14. Ne2 Rb8 15. Nexd4
cxd4 16. Bf2 Be6 17. Nb4 fxe4 18. Bxe4 d5 19. cxd5 Nxd5 20. fxe5 Bxe5 21. Nc2
Nf6 22. Bg2 Bd5 23. Bh3 Bc6 24. Nb4 Bd7 25. Bg2 Bf5 26. Rfe1 Qd6 27. Rac1 Ng4
28. Re2 Ne3 29. Bxe3 dxe3 30. Qe1 Bg4 31. Rec2 Rf2 32. Rc4 Re2 33. Qf1 Rf8 34.
Rc7+ Bg7 35. Rf7 Rf2 36. Rxf8 Rxf1+ 37. Rfxf1 Qxb4 38. Rc4 Qb6 39. Re1 e2+ 40.
Kh1 Qf2 41. Rcc1 Bf3 0-1

[Event "175th open MGU"]
[Site "Sofia"]
[Date "2016.11.20"]
[Round "5.3"]
[White "Todev, Simeon"]
[Black "Borisov, Ivan"]
[Result "0-1"]
[WhiteElo "1542"]
[BlackElo "1735"]
[PlyCount "73"]
[EventDate "2016.11.19"]
[EventType "swiss"]
[EventRounds "6"]
[EventCountry "BUL"]

1. e4 c5 2. Nc3 g6 3. g3 Bg7 4. d3 Nc6 5. Bg2 Nf6 6. f4 d6 7. Nf3 O-O 8. O-O
Bg4 9. h3 Bd7 10. Nh2 Nh5 11. Ne2 Nd4 12. Kf2 Nxe2 13. Qxe2 e5 14. f5 Bc6 15.
Qf3 Nf6 16. Kg1 d5 17. Bg5 dxe4 18. dxe4 Qd4+ 19. Qe3 Nxe4 20. Qxd4 exd4 21.
Bxe4 Bxe4 22. Be7 Bxf5 23. Bxf8 Kxf8 24. Rf2 d3 25. c3 Rd8 26. Rd1 Bh6 27. g4
Be4 28. Nf1 c4 29. h4 Bg7 30. Ne3 b5 31. g5 Be5 32. Nf1 Bc7 33. Rdd2 Bb6 34.
Ng3 Bb7 35. Nf1 Re8 36. a3 Re2 37. Ng3 0-1

[Event "175th open MGU"]
[Site "Sofia"]
[Date "2016.11.20"]
[Round "5.4"]
[White "Kostov, Nikolay"]
[Black "Kolev, Lachezar"]
[Result "0-1"]
[WhiteElo "1705"]
[BlackElo "1817"]
[PlyCount "58"]
[EventDate "2016.11.19"]
[EventType "swiss"]
[EventRounds "6"]
[EventCountry "BUL"]

1. d4 Nf6 2. e3 e6 3. Bd3 c5 4. c3 d5 5. f4 Nc6 6. Nf3 Bd6 7. O-O O-O 8. Qe2
Qc7 9. Kh1 cxd4 10. cxd4 Nb4 11. Bd2 Nxd3 12. Qxd3 Qe7 13. Nc3 b6 14. Ne5 Bb7
15. a4 Ne4 16. Be1 f6 17. Ng4 Nxc3 18. bxc3 a5 19. Rf3 Ba6 20. Qc2 e5 21. Rh3
e4 22. Qf2 Bc8 23. Qh4 h6 24. Qh5 Qf7 25. Nxh6+ gxh6 26. Rg3+ Kh7 27. Qe2 Ba6
28. Qb2 Rab8 29. Rh3 Rg8 0-1

[Event "175th open MGU"]
[Site "Sofia"]
[Date "2016.11.20"]
[Round "5.5"]
[White "Ilieva, Ralitsa"]
[Black "Ruschukov, Boyan"]
[Result "1/2-1/2"]
[WhiteElo "1301"]
[BlackElo "1878"]
[PlyCount "92"]
[EventDate "2016.11.19"]
[EventType "swiss"]
[EventRounds "6"]
[EventCountry "BUL"]

1. d4 Nf6 2. Nf3 g6 3. c4 Bg7 4. Nc3 O-O 5. Bf4 d5 6. e3 c5 7. h3 Qa5 8. Qc2
Nc6 9. Rd1 Bf5 10. Qb3 cxd4 11. exd4 dxc4 12. Bxc4 Qb4 13. O-O Qxb3 14. Bxb3
Na5 15. Ba4 a6 16. Rc1 b5 17. Bc2 Bxc2 18. Rxc2 Rac8 19. Rfc1 Rfd8 20. Ne2 Rxc2
21. Rxc2 Nd5 22. Bg3 Nb4 23. Rc7 e6 24. a3 Nd5 25. Ra7 Nc4 26. Rxa6 Nxb2 27.
Ra5 Nc4 28. Rxb5 Nxa3 29. Rb7 h6 30. Ne5 Bxe5 31. dxe5 Nc2 32. f4 Nde3 33. Nc3
Nf5 34. Bf2 Nfd4 35. Bh4 Rc8 36. Ne4 Ne2+ 37. Kh2 Ne3 38. Nf6+ Kg7 39. Nd7 Rc1
40. Bf6+ Kh7 41. g4 Rc2 42. Rb8 Nd4+ 43. Kh1 Rc1+ 44. Kh2 Rc2+ 45. Kh1 Rc1+ 46.
Kh2 Rc2+ 1/2-1/2

[Event "175th open MGU"]
[Site "Sofia"]
[Date "2016.11.20"]
[Round "5.7"]
[White "Ilichov, Ivan"]
[Black "Mladenov, Andrey"]
[Result "1/2-1/2"]
[WhiteElo "1367"]
[BlackElo "1603"]
[PlyCount "94"]
[EventDate "2016.11.19"]
[EventType "swiss"]
[EventRounds "6"]
[EventCountry "BUL"]

1. e4 c5 2. Nf3 Nc6 3. Bc4 e6 4. c3 d5 5. exd5 exd5 6. Bb5 Bd7 7. Qe2+ Be7 8.
O-O Nf6 9. Re1 Kf8 10. d3 Bd6 11. Bg5 Ne5 12. Bxd7 Nexd7 13. h3 h6 14. Bh4 g5
15. Bg3 Bxg3 16. fxg3 Kg7 17. Qe7 Qxe7 18. Rxe7 Rhe8 19. Rxe8 Rxe8 20. Nbd2 Re3
21. d4 c4 22. Kf2 Re6 23. Re1 Ra6 24. a3 Rb6 25. Rb1 a5 26. b3 cxb3 27. Rxb3
Rxb3 28. Nxb3 Ne4+ 29. Ke3 a4 30. Nc5 Ndxc5 31. dxc5 Nxc3 32. Kd4 Nb1 33. Kxd5
Nxa3 34. Nd2 Nb5 35. Kc4 Nc7 36. Kb4 Kf6 37. Nc4 a3 38. Nxa3 Ke5 39. Nc4+ Kd4
40. Nd6 Na6+ 41. Kb5 Nxc5 42. Nxf7 Ne4 43. Nxh6 Nxg3 44. Nf7 Ne4 45. g4 Ke3 46.
Nxg5 Nxg5 47. h4 Kf4 1/2-1/2

[Event "175th open MGU"]
[Site "Sofia"]
[Date "2016.11.20"]
[Round "6.1"]
[White "Stoyanov, Stoyan Orl"]
[Black "Borisov, Ivan"]
[Result "1-0"]
[WhiteElo "1852"]
[BlackElo "1735"]
[PlyCount "39"]
[EventDate "2016.11.19"]
[EventType "swiss"]
[EventRounds "6"]
[EventCountry "BUL"]

1. d4 Nf6 2. c4 g6 3. Nc3 d5 4. cxd5 Nxd5 5. e4 Nxc3 6. bxc3 Bg7 7. Nf3 O-O 8.
Rb1 c5 9. Be2 cxd4 10. cxd4 Nc6 11. d5 Ne5 12. Nxe5 Bxe5 13. O-O f5 14. f4 Bd6
15. e5 Bc5+ 16. Kh1 Qa5 17. Bd2 Qxa2 18. Qc1 b6 19. Ra1 Qb3 20. Bc4 1-0

[Event "175th open MGU"]
[Site "Sofia"]
[Date "2016.11.20"]
[Round "6.2"]
[White "Kolev, Lachezar"]
[Black "Andreev, Dobrotich"]
[Result "1-0"]
[WhiteElo "1817"]
[BlackElo "1975"]
[PlyCount "85"]
[EventDate "2016.11.19"]
[EventType "swiss"]
[EventRounds "6"]
[EventCountry "BUL"]

1. e4 c6 2. Ne2 d5 3. e5 Bg4 4. f3 Bh5 5. Ng3 Bg6 6. h4 h6 7. h5 Bh7 8. e6 fxe6
9. d4 Qc7 10. f4 Nd7 11. Bd3 Bxd3 12. Qxd3 O-O-O 13. O-O c5 14. c3 Ngf6 15. Re1
Qb6 16. a4 c4 17. Qe2 Ne8 18. Nd2 g5 19. hxg6 e5 20. fxe5 Qxg6 21. Qf3 e6 22.
Ne2 Be7 23. Nf4 Qg8 24. Qh3 Nc7 25. Rf1 Rf8 26. Nf3 Bg5 27. Nh4 Bxf4 28. Bxf4
Rf7 29. Rf3 Nf8 30. Raf1 Ng6 31. Rg3 Rg7 32. Nxg6 Rxg6 33. Rxg6 Qxg6 34. Qg3
Qh7 35. Qh3 h5 36. Bg5 Rg8 37. Bf6 Rg4 38. Qf3 Qe4 39. Be7 Kd7 40. Bd6 Ne8 41.
Qf7+ Kc6 42. Qxe8+ Kb6 43. Qb5# 1-0

[Event "175th open MGU"]
[Site "Sofia"]
[Date "2016.11.20"]
[Round "6.4"]
[White "Ruschukov, Boyan"]
[Black "Ilichov, Ivan"]
[Result "1-0"]
[WhiteElo "1878"]
[BlackElo "1367"]
[PlyCount "109"]
[EventDate "2016.11.19"]
[EventType "swiss"]
[EventRounds "6"]
[EventCountry "BUL"]

1. d4 d5 2. c4 c6 3. Nf3 Bf5 4. Nc3 Nf6 5. Qb3 Qd7 6. Ne5 dxc4 7. Qxc4 Qe6 8.
e4 Qxc4 9. Bxc4 Bg6 10. f3 e6 11. Be3 Bb4 12. O-O Nbd7 13. Nxd7 Nxd7 14. a3 Ba5
15. b4 Bc7 16. b5 O-O 17. bxc6 bxc6 18. Rab1 Rab8 19. Rxb8 Rxb8 20. Rb1 Bb6 21.
Kf2 e5 22. Ne2 exd4 23. Nxd4 Kf8 24. Ke2 Ne5 25. Ba6 Rd8 26. Nc2 c5 27. Bf4 f6
28. Ne3 Bf7 29. Bxe5 fxe5 30. Nc4 Bxc4+ 31. Bxc4 Rd4 32. Rc1 Ba5 33. Rc2 Ke7
34. Ke3 Rd1 35. g3 Ra1 36. Ba2 c4 37. Bxc4 Rxa3+ 38. Ke2 Bb6 39. Bd3 a5 40. f4
exf4 41. gxf4 a4 42. e5 Rb3 43. Bxh7 Rh3 44. Bg8 Rxh2+ 45. Kd3 Rh3+ 46. Kc4 Rf3
47. Kb5 Bd8 48. Rc4 a3 49. Ra4 Kf8 50. Bd5 Rd3 51. Kc6 Rc3+ 52. Kd7 Rd3 53. Ke6
Kg8 54. Ra8 Rxd5 55. Kxd5 1-0

[Event "175th open MGU"]
[Site "Sofia"]
[Date "2016.11.20"]
[Round "6.5"]
[White "Mladenov, Andrey"]
[Black "Kostov, Nikolay"]
[Result "0-1"]
[WhiteElo "1603"]
[BlackElo "1705"]
[PlyCount "93"]
[EventDate "2016.11.19"]
[EventType "swiss"]
[EventRounds "6"]
[EventCountry "BUL"]

1. e4 e5 2. Nf3 Nc6 3. d4 exd4 4. Bc4 Nf6 5. O-O Nxe4 6. Re1 d5 7. Bxd5 Qxd5 8.
Nc3 Qa5 9. Nxe4 Be6 10. Neg5 O-O-O 11. Nxe6 fxe6 12. Rxe6 Bd6 13. Qe2 Qh5 14.
h3 h6 15. Nxd4 Qxe2 16. Nxe2 Be5 17. f4 Rd1+ 18. Kh2 Bd6 19. b3 Nd4 20. Nxd4
Rxd4 21. Be3 Bxf4+ 22. Bxf4 Rxf4 23. Re7 Rf2 24. c4 g5 25. Rd1 Rd8 26. Rxd8+
Kxd8 27. Re6 Rxa2 28. Rxh6 Rb2 29. Rg6 Rxb3 30. Rxg5 Ke7 31. h4 Kf6 32. Rg4 Rd3
33. g3 a5 34. Rg5 b6 35. c5 Rd8 36. cxb6 cxb6 37. Rb5 Rb8 38. g4 a4 39. g5+ Kg6
40. Rb1 b5 41. Kg3 b4 42. Kg4 b3 43. h5+ Kg7 44. h6+ Kg6 45. Rh1 b2 46. h7 a3
47. Rg1 0-1

[Event "175th open MGU"]
[Site "Sofia"]
[Date "2016.11.20"]
[Round "6.7"]
[White "Ilieva, Ralitsa"]
[Black "Georgiev, Nikolay Zh"]
[Result "1/2-1/2"]
[WhiteElo "1301"]
[BlackElo "1612"]
[PlyCount "58"]
[EventDate "2016.11.19"]
[EventType "swiss"]
[EventRounds "6"]
[EventCountry "BUL"]

1. d4 d5 2. c4 c6 3. Bf4 dxc4 4. e3 Be6 5. Nf3 Nd7 6. Nc3 Qa5 7. Be2 Ngf6 8.
O-O Nd5 9. Nxd5 cxd5 10. b3 cxb3 11. axb3 Qb4 12. Qc2 g6 13. Rfc1 Nb6 14. Qc7
Nc8 15. h3 Bg7 16. Rc5 Qb6 17. Bb5+ Kf8 18. Qxb6 Nxb6 19. Rc7 Bc8 20. Ne5 Bxe5
21. Bxe5 f6 22. Bg3 a6 23. Bd3 Kf7 24. Bd6 Re8 25. Bc5 Nd7 26. Bb5 Rd8 27. Bxd7
Rxd7 28. Rxd7 Bxd7 29. Rc1 Bc6 1/2-1/2